|
|
|
|
| LEADER |
01951nam a2200529 a 4500 |
| 001 |
nkc20061637941 |
| 003 |
CZ PrNK |
| 005 |
20160804235010.0 |
| 007 |
ta |
| 008 |
060112s2005 xr acf e 000 1 cze |
| 015 |
|
|
|a cnb001637941
|
| 020 |
|
|
|a 80-204-1316-2
|q (váz.)
|
| 035 |
|
|
|a (OCoLC)85166393
|
| 040 |
|
|
|a ABA001
|b cze
|
| 043 |
|
|
|a a-np---
|a ah-----
|
| 072 |
|
7 |
|a 913(5)
|x Geografie Asie, reálie, cestování
|2 Konspekt
|9 7
|
| 080 |
|
|
|a 316.72/.75
|2 MRF
|
| 080 |
|
|
|a (541.35)
|2 MRF
|
| 080 |
|
|
|a (540)
|2 MRF
|
| 080 |
|
|
|a (5-191.2)
|2 MRF
|
| 080 |
|
|
|a (0:82-992)
|2 MRF
|
| 100 |
1 |
|
|a Thomová, Soňa,
|d 1947-
|7 jn19981228119
|4 aut
|
| 245 |
1 |
0 |
|a Pod hradbou Himálaje, aneb, Hledání Šangri-la /
|c Soňa, Zdeněk a Michal Thomovi
|
| 246 |
3 |
0 |
|a Hledání Šangri-la
|
| 246 |
1 |
8 |
|a Pod hradbou Himaláje
|
| 250 |
|
|
|a 1. vyd.
|
| 260 |
|
|
|a Praha :
|b Mladá fronta,
|c 2005
|
| 300 |
|
|
|a 274 s., [150] s. barev. obr. příl. :
|b il., portréty ;
|c 14 cm
|
| 490 |
1 |
|
|a Lidé a Země ;
|v sv. 14
|
| 504 |
|
|
|a Obsahuje bibliografické odkazy
|
| 650 |
0 |
7 |
|a kultura a společnost
|7 ph122010
|z Nepál
|2 czenas
|
| 650 |
0 |
9 |
|a culture and society
|z Nepal
|2 eczenas
|
| 651 |
|
7 |
|a Himálaj (pohoří)
|7 ge134213
|2 czenas
|
| 651 |
|
7 |
|a Ladakh (Indie)
|7 ge129755
|2 czenas
|
| 651 |
|
9 |
|a Himalaya Mountains
|2 eczenas
|
| 651 |
|
9 |
|a Ladakh (Himalaya Mountains, India and Pakistan)
|2 eczenas
|
| 655 |
|
7 |
|a cestopisy
|7 fd131956
|2 czenas
|
| 655 |
|
9 |
|a books of travels
|2 eczenas
|
| 700 |
1 |
|
|a Thoma, Zdeněk,
|d 1938-
|7 jk01132349
|4 aut
|4 pht
|
| 700 |
1 |
|
|a Thoma, Michal,
|d 1979-
|7 xx0003881
|4 aut
|4 pht
|
| 830 |
|
0 |
|a Lidé a Země
|0 s
|
| 856 |
4 |
1 |
|u http://www.digitalniknihovna.cz/mzk/uuid/uuid:135f6ae0-54ab-11e6-beb0-001018b5eb5c
|y Digitalizovaný dokument
|x NDK
|
| 910 |
2 |
|
|a BOA001
|b 2-1165.480
|
| 990 |
|
|
|a BK
|
| 995 |
|
|
|a 01
|
| 991 |
|
|
|b 200603
|c NOV
|
| 996 |
6 |
|
|b 2610273690
|c 2-1165.480
|l MZK
|r Sklad / do 1 hodiny
|n 3
|p p.v.
|w 000809944
|u 000010
|a 1
|e BOA001
|j MZK50
|s P
|